Normal view
MARC view
Entry Personal Name
001 - CONTROL NUMBER
- control field: 2194
003 - CONTROL NUMBER IDENTIFIER
- control field: NLI
005 - DATE AND TIME OF LATEST TRANSACTION
- control field: 20210302152301.0
008 - FIXED-LENGTH DATA ELEMENTS
- fixed length control field: 210302|| aca||aabn | a|a d
040 ## - CATALOGING SOURCE
- Original cataloging agency: NLI
- Transcribing agency: NLI
100 ## - HEADING--PERSONAL NAME
- Personal name: Sinha, Anjani K
670 ## - SOURCE DATA FOUND
- Source citation: Work cat.: (NLI): 880-01 Sinha, Anjani K., Essentials of English language teaching /, 2017
